000 00835nam a2200265 a 4500
008 951122s1985||||[C 0 slo c
020 _c35 Kčs.
_q(50000 výtl.)
040 _aSNK
_bslo
_cSNK
_eAACR2
041 1 _aslo
_hger
044 _axo
_cSK
080 _a830-94
080 _a929 Dietrich, Marlene
100 1 _aDietrich, Marlene
_4aut
245 1 0 _aBerte len môj život..
_bReflexie
_cMarlene Dietrich ; Naďa Kotršová, Kamil Peteraj, Pavel Mihálik, Rosmány Karol
250 _a1., vyd.
260 _aBratislava
_bSmena
_c1985
_eBratislava
_fPravda
300 _a293 s., 18,22 AH
_c20 cm
490 0 _aEva
500 _aRozlož. tit. list. Filmografia aut.
700 1 _aKotršová, Naďa
_4trl
700 1 _aPeteraj, Kamil
_4trl
700 1 _aMihálik, Pavel
_4[ADC]
700 1 _aRosmány Karol
_4bkd
958 _aA
999 _c10324
_d10324